| 000 | 01366cam a2200313 i 4500 | ||
|---|---|---|---|
| 003 | SA-RiAUC | ||
| 005 | 20241210084136.0 | ||
| 008 | 241206s2009 su g 00010dara c | ||
| 020 | _a9789960869919 | ||
| 040 |
_aSA-JeKAU _bara _cSA-RiAUC _erda |
||
| 082 | 0 | 4 | _a210.8 |
| 090 |
_a210.8 _bخ ر ا |
||
| 100 | 1 |
_aالخراشي، سليمان بن صالح. _eمؤلف. |
|
| 245 | 1 | 0 |
_aتعليقات العلامة محمد بن مانع على مقالات الكوثري وبعض كتبه / _cسليمان بن صالح الخراشي. |
| 250 | _aالطبعة الأولى. | ||
| 264 | 1 |
_aالرياض : _bدار الصميعي، _c2009 |
|
| 300 |
_a292 صفحة ؛ _c24 سم |
||
| 336 |
_aنص _btxt _2rdacontent _3كتاب |
||
| 337 |
_aبدون وسيط _bn _2rdamedia |
||
| 338 |
_aمجلد _bnc _2rdacarrier |
||
| 600 | 1 | 7 |
_aابن مانع، محمد بن عبد العزيز بن محمد، _d1298-1385 هجري _2aucnm |
| 600 | 1 | 7 |
_aالكوثري، محمد زاهد بن الحسن، _d1879-1952 _2aucnm |
| 650 | 7 |
_aالإسلام _vمتفرقات _2aucsh |
|
| 650 | 7 |
_aالإسلام _vمقالات ومحاضرات _2aucsh |
|
| 700 | 1 | 2 |
_aالكوثري، محمد زاهد بن الحسن، _d1879-1952 _tمقالات الكوثري. |
| 740 | 0 | 2 | _aمقالات الكوثري. |
| 942 |
_2ddc _cBOOK _n0 |
||
| 949 |
_aSA-JeALM _d241206 _umohamedma123 _n1 |
||
| 999 |
_c3250 _d3250 |
||